01008 2200349 4500001002100000005001500021035002000036007000300056040001700059100003600076245009200112250001100204300003900215020002200254041000800276082001000284084001600294090002100310264003300331336002100364337003000385338002300415500002800438650001400466700002900480850001000509008004100519990002500560990002500585990002500610990002300635INLIS00000000000809320260529082146 a0010-0922000582ta aSBPUPADbind0 aMatius Tommy SuryadiePengarang1 aPhotoshop Project :bUbah Fotomu dengan Style Vintage dan Retro /cMatius Tommy Suryadi a.-Ed.1 aiv, 140 hlm :bilus. ;c14 x 21 cm a978-979-29-4792-2 aind a776.2 a776.2 MAT p a751.5 ALI p 23-6 a.--Yogyakarta :bANDI,c2013 2rdacontentateks 2rdamediaatanpa perantara 2rdacarrieravolume aProfil Penulis, hlm 142 4aFotografi aEditor, IgnasePengarang aPUPAD260529 0  a22.816/ BR/KAPD/2016 a22.817/ BR/KAPD/2016 a22.819/ BR/KAPD/2016 a22.818/B/KAPD/2016